| 000 | 01204nam a2200289 a 4500 | ||
|---|---|---|---|
| 001 | 61487 | ||
| 003 | BD-RjUL | ||
| 005 | 20211209080953.0 | ||
| 008 | 170118s1968 nyu 001 0 eng d | ||
| 035 | _a(BD-RjUL)61611 | ||
| 040 |
_aDLC _cDLC _dm.c. _dBD-RjUL _beng |
||
| 041 | _aeng | ||
| 082 |
_223 _a418.0078 _bINF 1968 |
||
| 245 | 0 | 0 |
_aInformation in the language sciences : _bproceedings of the conference held at Airlie House, Warrenton, Virginia, March 4-6, 1966, under the sponsorship of the center applied linguistics / _cEdited by Robert R. Freeman, Alfred Pietrzyk and A. Hood Roberts. |
| 260 |
_aNew York : _bAmerican Elsevier Pub. Co., _c1968. |
||
| 300 |
_axi, 247 p. ; _c24 cm. |
||
| 490 | 1 |
_aMathematical linguistics and automatic language processing ; _v5 |
|
| 500 | _aIncludes Index | ||
| 650 | 0 |
_aComputational linguistics. _9182498 |
|
| 650 | 0 |
_aInformation theory. _9183258 |
|
| 700 | 1 |
_aFreeman, Robert R. _9183259 |
|
| 700 | 1 |
_aPietrzyk, Alfred. _9183260 |
|
| 700 | 1 |
_aRoberts, A. Hood _q(Aaron Hood), _d1928- _9183261 |
|
| 710 | 2 |
_aCenter for Applied Linguistics. _9183262 |
|
| 830 | 0 |
_aMathematical linguistics and automatic language processing ; _v5. _9183266 |
|
| 942 |
_2ddc _cBK |
||
| 999 |
_c61487 _d61487 |
||